书目信息 |
| 题名: |
万历十五年
|
|
| 作者: | 黄仁宇 著 | |
| 分册: | ||
| 出版信息: | 北京 生活·读书·新知三联书店 2006 |
|
| 页数: | 320页 | |
| 开本: | 21cm | |
| 丛书名: | 黄仁宇作品系列 | |
| 单 册: | ||
| 中图分类: | K248.307 | |
| 科图分类: | ||
| 主题词: | 史评--中国--1573-1620 | |
| 电子资源: | ||
| ISBN: | 978-7-108-00982-1 | |
| 000 | 00940oam2 2200277 450 | |
| 001 | 0102821410 | |
| 005 | 20130422135619.0 | |
| 010 | @a978-7-108-00982-1@dCNY26.00 | |
| 100 | @a20130410e20132006em y0chiy0120 ea | |
| 101 | 0 | @achi |
| 102 | @aCN@b110000 | |
| 105 | @ay z 000yy | |
| 106 | @ar | |
| 200 | 1 | @a万历十五年@9Wan;Mo Li Shi Wu Nian @f黄仁宇著@b专著 |
| 205 | @a2版 | |
| 210 | @a北京@c生活·读书·新知三联书店@d2006@h2013重印 | |
| 215 | @a320页@d21cm | |
| 225 | 2 | @a黄仁宇作品系列 |
| 330 | @a本书以万历十五年前后的史事及生活在那个时代的人物为中心,抽丝剥茧,梳理了中国传统社会管理层面存在的种种问题,并在此基础上探索现代中国应当汲取的经验和教训。 | |
| 461 | 0 | @1001012001044828 |
| 500 | 10 | @a万历十五年@9wan li shi wu nian |
| 606 | 0 | @a史评@y中国@z1573-1620 |
| 690 | @aK248.307@v5 | |
| 701 | 0 | @c(美)@a黄仁宇@f(1918~2000)@4著@9huang ren yu |
| 801 | 0 | @aCN@bAZmarc@c20230905 |
| 905 | @aBZT@dK248.307@e6@f1@sK248.307/6 | |
| 万历十五年/黄仁宇著.-2版.-北京:生活·读书·新知三联书店,2006(2013重印) |
| 320页;21cm.-(黄仁宇作品系列) |
| ISBN 978-7-108-00982-1:CNY26.00 |
| 本书以万历十五年前后的史事及生活在那个时代的人物为中心,抽丝剥茧,梳理了中国传统社会管理层面存在的种种问题,并在此基础上探索现代中国应当汲取的经验和教训。 |
| ● |
| 相关链接 |
|
|
|
正题名:万历十五年
索取号:K248.307/6
 
预约/预借
| 序号 | 登录号 | 条形码 | 馆藏地/架位号 | 状态 | 备注 |
| 1 | 2000153333 | 2000153333 | 旧书回溯/ [索取号:K248.307/6] | 在馆 |